000 00668nam a22002297a 4500
003 UA-OsUOA
001 16799
007 ta
008 20030523b un ||||| |||| 00| 0 ukr d
090 _bП-50
942 _cBK
040 _aUA-OsUOA
_bukr
_cUA-OsUOA
_dUA-OsUOA
245 _aПоліссєзнавство: наукові фольклорно-етнологічні та мистецтвознавчі студії
300 _a160 с.
955 _a0
041 _aukr
020 _a966-7518-97-3
591 _a63.59(4Укр-4Рів)
260 _aРівне
_bВолинвькі обереги
_c2001
044 _aUA
650 7 _aЕтнографія
_2UDC
999 _c302965
_d302965